01264naa#a2200241#i#4500001001600000005001700016011001400033100004100047101000800088102000700096200033300103210008300436215001000519608004500529675011000574700005600684700005600740700004400796700006000840700005000900700005200950856002001002RU\\bibl\12180620260630034507.2##a2077-7566##a20260629b2026####ek#y0rusy0150####ca0#aRUS##aRU1#aОСОБЕННОСТИ ВОСПРИЯТИЯ ЖЕВАТЕЛЬНОГО ДАВЛЕНИЯ ПРИ ФУНКЦИОНАЛЬНОЙ ОККЛЮЗИИ У ЛИЦ С ДЕФЕКТАМИ ЗУБНЫХ РЯДОВ ПРИ ПРОТЕЗИРОВАНИИ С ОПОРОЙ НА ДЕНТАЛЬНЫЕ ИМПЛАНТАТЫeЖурнальная статья1#aЕкатеринбургcИздательский Дом «ТИРАЖ»d2026##a6 с.##aЖурнальная статья2local##aСтоматология. Заболевания ротовой полости и зубов. 616.31zRUS#1aСтафеевgАндрей Анатольевич#1aХижукgАлександр Викторович#1aБарканgИрина Юрьевна#1aКасеновgРустам Шаймерденович#1aКлимоваgИрина Яковлевна#1aСафроноваgМария Ивановна4#adental-press.ru